00366nam a2200145Ia 4500008004100000020001800041041000800059082001600067100002200083245004000105250000600145260003200151300001000183650002700193210716s2010 xx 000 0 und d a9780749456658 aeng a651.78 FORP aForsyth, Patrick. aHow to write reports and proposals. a1 aNew DelhibKogan Pagec2010 ax,130 aBusiness Communication